MARC

LEADER 00000nam0a2200000 4500
001 372287
005 20231102012448.0
035 |a (RuTPU)RU\TPU\retro\29709 
035 |a RU\TPU\book\132664 
090 |a 372287 
100 |a 20221214d1909 km y0rusy50 ca 
101 1 |a rus  |c ger 
102 |a RU 
105 |a a j 000zy 
200 1 |a Введение в палеонтологию  |f Г. Штейманн  |g пер. с 1-го нем. издания М. Э. Янишевского и П. Казанского 
210 |a Томск  |c Типо-литография Сибирского Т-ва Печатного Дела  |d 1909 
215 |a IV, IV, II, [2], 362 с.  |c 101 табл. рис. 
300 |a Перевод книги "Einfuhrung in die Paleontologie" Г. Штенманна (1903) 
300 |a Текст в русской дореформенной орфографии 
316 |5 63413507: 07-5776  |a На переднем форзаце владельческая надпись М. Э. Янишевского и штамп кабинета исторической геологии Томского индустриального института 
316 |5 63413507: 07-5776  |a Неполный экземпляр 
316 |5 63413507: ШкА/3144  |a Владельческий переплет ТТИ 
606 1 |a Палеонтология  |2 stltpush  |3 (RuTPU)RU\TPU\subj\47998  |9 66880 
610 1 |a ископаемые 
610 1 |a растения 
610 1 |a споровые растения 
610 1 |a водоросли 
610 1 |a хвощи 
610 1 |a папоротникообразные 
610 1 |a плауны 
610 1 |a цветковые растения 
610 1 |a голосемянные растения 
610 1 |a скрытосемянные растения 
610 1 |a животные 
610 1 |a простейшие 
610 1 |a губки 
610 1 |a медузы 
610 1 |a иглокожие 
610 1 |a мягкотелые 
610 1 |a черви 
610 1 |a членистоногие 
610 1 |a лучистые животные 
610 1 |a труды учёных ТПУ 
610 1 |a коллекция ТПУ 
675 |a 56  |v 3 
686 |a Ч611.68  |v LBC/SL-A  |2 rubbk 
700 1 |a Штейманн  |b Г.  |g Густав 
702 1 |a Янишевский  |b М. Э.  |c российский палеонтолог  |c профессор Томского технологического института  |f 1871-1949  |g Михаил Эрастович  |x TPU  |2 stltpush  |3 (RuTPU)RU\TPU\pers\13868  |4 730 
702 1 |a Казанский  |b П.  |4 730 
801 1 |a RU  |b 63413507  |c 20071004  |g PSBO 
801 2 |a RU  |b 63413507  |c 20221214  |g PSBO 
942 |c BK